000 00717nam a22002177a 4500
005 20100818111233.0
010 _aENG-100822
020 _c252.00
_a9788183333603
035 _aEN-84355
037 _bDBAD/PUB
082 _a005.1
100 _aJain, Satish
_91584
245 _aComputer programming & IT /
_cby Satish Jain...[et.al]
260 _aNew Delhi
_bBPB Publications
_c2010
270 _aB-14, Connaught Place
_bNew Delhi
_e110001
300 _axix, 462 p.
_c24cm (Pbk)
500 _aIncludes index
700 _94162
942 _2ddc
_cEN
_h005.1
_mJAI
999 _c42438
_d42438